[Event "ICS rated blitz match"]
[Site "207.99.83.227"]
[Date "1999.04.24"]
[Round "?"]
[White "lambChop"]
[Black "Hossa"]
[Result "0-1"]
[WhiteElo "2574"]
[BlackElo "2399"]
[PlyCount "238"]

1. d4 e6 2. e4 d5 3. Nc3 dxe4 4. Nxe4 Qd5 5. f3 Bb4+ 6. c3 Be7 7. Bf4 Bh4+ 8.
g3 Bd8 9. Qb3 Qxb3 10. axb3 Ne7 11. Bc4 Nd5 12. Ne2 Nxf4 13. Nxf4 O-O 14. Ra5
Nd7 15. Rh5 a5 16. O-O a4 17. bxa4 Rxa4 18. b3 Ra3 19. Rf2 Be7 20. Rb2 Ra1+ 21.
Kg2 Nf6 22. Nxf6+ Bxf6 23. Bd3 g6 24. Rc5 Bd8 25. Re2 g5 26. Nh5 Bd7 27. b4 Be8
28. g4 c6 29. h3 Kh8 30. Rce5 Rc1 31. Bc2 Bd7 32. Rc5 f6 33. Ng3 b6 34. Rc4 b5
35. Rc5 Be7 36. Rd2 Ra8 37. Ne2 Re1 38. c4 Rb8 39. Kf2 Ra1 40. cxb5 Rxb5 41.
Be4 Rb8 42. b5 cxb5 43. Rc7 Rd8 44. d5 Bb4 45. dxe6 Bxd2 46. e7 Re8 47. Rxd7
Be1+ 48. Ke3 Kg8 49. Nd4 Bb4 50. Rd8 Kf7 51. Bd5+ Kxe7 52. Nc6+ Kf8+ 53. Rxe8+
Kxe8 54. Nxb4 Rb1 55. Nd3 Ke7 56. f4 Kf8 57. Kd4 gxf4 58. Nxf4 Rb4+ 59. Ke3 Rb2
60. h4 b4 61. Nd3 Rb1 62. Kd4 Rg1 63. Be6 Rb1 64. Bf5 h5 65. gxh5 Rh1 66. Nf4
Rxh4 67. Ke3 Kg7 68. Be4 Kh6 69. Bg6 b3 70. Nd3 Rh2 71. Nf2 Rxh5 72. Bd3 Kg7
73. Nd1 Rh2 74. Nc3 Rh3+ 75. Kd4 Rh4+ 76. Ke3 Rh1 77. Be4 Rc1 78. Na4 Kh6 79.
Bd5 Rb1 80. Kd2 f5 81. Kc3 Rd1 82. Be6 f4 83. Bxb3 Rc1+ 84. Kd4 Kg7 85. Ke4 Rf1
86. Bc4 Rf2 87. Bd5 Kh6 88. Kf5 Kh5 89. Nc5 Rf1 90. Bc4 Rc1 91. Bf7+ Kh4 92.
Nd3 Rf1 93. Ne5 Kh3 94. Bc4 Rf2 95. Ke4 Kg3 96. Kd3 Rf1 97. Kd2 Rh1 98. Nd3 f3
99. Ke3 Rh5 100. Be6 Ra5 101. Bc4 Rf5 102. Nf2 Kg2 103. Bd3 Rf6 104. Bc4 Rf8
105. Bb5 Rc8 106. Ne4 Rc1 107. Nd2 Re1+ 108. Kf4 f2 109. Bf1+ Rxf1 110. Nxf1
Kxf1 111. Kf5 Kg2 112. Kf6 Kf3 113. Ke5 f1=Q 114. Kf5 Qe1 115. Kg6 Kg4 116. Kf7
Kg5 117. Kg7 Qe8 118. Kh7 Kf6 119. Kh6 119... Qh8# {lambChop checkmated} 0-1

[Event "ICS rated blitz match"]
[Site "207.99.83.227"]
[Date "1999.04.24"]
[Round "?"]
[White "ColonialPast"]
[Black "Hossa"]
[Result "0-1"]
[WhiteElo "2209"]
[BlackElo "2430"]
[Annotator "Fritz 5.32 (15s)"]
[PlyCount "18"]

1. e4 c5 2. Nf3 Nc6 3. d4 cxd4 4. Nxd4 e5 5. Nb5 Nf6 6. Nd6+ $17 (6. Bc4 Bc5 7.
O-O d6 8. a4 Bg4 9. Qd3 O-O 10. h3 a6 11. N5c3 Nb4 12. Qd2 Bh5 13. b3 Rc8 14.
Ba3 Nc6 15. Bxc5 dxc5 16. f3 Qxd2 17. Nxd2 Nd4 18. Rac1 Rfd8 19. Rfd1 Bg6 20.
Ne2 20... Nh5 {McGahan,P-Pacheco,P/IECG, 7PSRR-2.021 1996/1-0 (37)}) (6. N1c3
$11 $142 {damit waere Weiss im Spiel geblieben} 6... a6 7. Nd6+ Bxd6 8. Qxd6
Qe7 9. Qd1 (9. Qxe7+ Nxe7 10. Bc4 b5 11. Bd3 d5 12. exd5 Nexd5 13. Nxd5 Nxd5
14. Be4 Bb7 15. O-O O-O 16. b3 f5 17. Bxd5+ Bxd5 18. Bb2 Rfe8 19. Rad1 Be4 20.
Rd2 Rac8 21. c3 f4 22. f3 Bf5 23. Re1 e4 24. fxe4 Rxe4 25. Rxe4 Bxe4 26. Rf2
26... g5 {- Hippe,F-Heinz,S/DEM U13 Pinneberg 1996 (26)}) 9... d6 10. Bg5 Be6
11. Be2 O-O 12. O-O Rfd8 13. f4 h6 14. Bh4 exf4 15. Bxf6 Qxf6 16. g3 Qd4+ 17.
Kg2 fxg3 18. hxg3 Qxd1 19. Raxd1 Ne5 20. Rd4 20... Rac8 {
Nosmoker-Houdini/ICS 1995/0-1 (48)}) (6. N5c3 h6 7. Be3 Bb4 8. a3 Qa5 9. axb4
Qxa1 10. Qd6 Nxe4 11. Nxe4 Qxb1+ 12. Kd2 Qxb2 13. b5 Nb4 14. Bc5 Qxc2+ 15. Ke3
Qb3+ 16. Ke2 Qc4+ 17. Kf3 Qb3+ 18. Kg4 f5+ 19. Kxf5 Qf7+ 20. Kxe5 Nc2 21. Bc4
Qh5+ 22. Kf4 Qh4+ 23. Kf3 b6 24. Qg6+ Kd8 25. g3 Qh3 26. Be7+ Kxe7 27. Qxg7+
Kd8 28. Qxh8+ Kc7 29. Qe5+ Kd8 30. Nd6 {1-0 (ENG),N-Anthony,D/Bristol 1981 (30)
}) 6... Bxd6 7. Qxd6 Nxe4 8. Qd3 d5 9. f3 $4 $19 {
ein Fehler in schlechter Stellung} (9. Be3 $17 $142) 9... Qh4+ (9... Qh4+ 10.
g3 Nxg3 11. hxg3 11... Qxh1 $19) 0-1

[Event "ICS rated blitz match"]
[Site "207.99.83.227"]
[Date "1999.04.24"]
[Round "?"]
[White "Hossa"]
[Black "ColonialPast"]
[Result "1-0"]
[WhiteElo "2437"]
[BlackElo "2202"]
[PlyCount "31"]

1. d4 Nf6 2. Nf3 e6 3. e3 b6 4. Bd3 c5 5. e4 d5 6. e5 Nfd7 7. Bg5 Be7 8. Bxe7
Qxe7 9. c3 Ba6 10. O-O Bxd3 11. Qxd3 c4 12. Qe2 Nc6 13. b3 b5 14. a4 bxa4 15.
bxc4 dxc4 16. Qxc4 {ColonialPast resigns} 1-0

[Event "ICS rated blitz match"]
[Site "207.99.83.227"]
[Date "1999.04.24"]
[Round "?"]
[White "ColonialPast"]
[Black "Hossa"]
[Result "0-1"]
[WhiteElo "2195"]
[BlackElo "2444"]
[PlyCount "43"]

1. e4 c5 2. Nf3 Nc6 3. d4 cxd4 4. Nxd4 e5 5. Nb5 Nf6 6. N1c3 Bb4 7. Nd6+ Ke7 8.
Nf5+ Kf8 9. Bd3 d5 10. Qf3 d4 11. a3 Qa5 12. axb4 Qxa1 13. Ne2 Nxb4 14. O-O Qa4
15. Nxg7 Kxg7 16. Bh6+ Kg6 17. Nf4+ Kxh6 18. Ne6 Nh5 19. Be2 Bxe6 20. Qxh5+ Kg7
21. Qg5+ Kf8 22. Qh6+ {ColonialPast resigns} 0-1

[Event "ICS rated blitz match"]
[Site "207.99.83.227"]
[Date "1999.04.24"]
[Round "?"]
[White "Hossa"]
[Black "ColonialPast"]
[Result "1/2-1/2"]
[WhiteElo "2450"]
[BlackElo "2189"]
[PlyCount "111"]

1. d4 Nf6 2. Nf3 e6 3. e3 c5 4. Bd3 Nc6 5. O-O cxd4 6. exd4 Be7 7. c4 d5 8. Nc3
dxc4 9. Bxc4 O-O 10. Be3 a6 11. Rc1 Nb4 12. Ne5 Nbd5 13. Qf3 Nxe3 14. fxe3 Rb8
15. Qf4 Bd6 16. Ne4 Nxe4 17. Qxe4 Qg5 18. Nf3 Qg6 19. Qxg6 hxg6 20. d5 e5 21.
Bd3 Bf5 22. Bxf5 gxf5 23. Nd2 g6 24. Nc4 Rfd8 25. Rcd1 e4 26. a4 b5 27. axb5
axb5 28. Nxd6 Rxd6 29. Rf2 b4 30. h4 Rb5 31. Rfd2 b3 32. Kh2 Kg7 33. Kg3 Kf6
34. Kf4 Rc5 35. Rd4 Rc2 36. R1d2 Rc1 37. Rf2 Rc2 38. Rxc2 bxc2 39. Rc4 Rxd5 40.
Rxc2 Rb5 41. g3 Rb3 42. Re2 Ke6 43. Kg5 Ke5 44. h5 gxh5 45. Kxh5 f6 46. Kh4 Rb8
47. Kh3 Rb3 48. Kg2 Kd5 49. Kf2 Kc4 50. Rd2 Rd3 51. Ke2 Rb3 52. Rc2+ Kb4 53.
Kf2 Kb5 54. Ke2 Kb4 55. Kf2 Kb5 56. Ke2 {Game drawn by mutual agreement}
1/2-1/2

[Event "ICS rated blitz match"]
[Site "207.99.83.227"]
[Date "1999.04.24"]
[Round "?"]
[White "Hossa"]
[Black "Fallen-Star"]
[Result "1-0"]
[WhiteElo "2440"]
[BlackElo "2376"]
[PlyCount "111"]

1. Nf3 g6 2. e4 Bg7 3. d4 d6 4. Nc3 Nh6 5. Bc4 O-O 6. O-O e6 7. b4 f6 8. Bf4
Nf7 9. Qd2 b6 10. Rae1 Qe7 11. a4 Bb7 12. Qe3 Nc6 13. b5 Na5 14. Ba2 Rae8 15.
d5 e5 16. Bg3 f5 17. exf5 gxf5 18. Bh4 Bf6 19. Bxf6 Qxf6 20. Nd2 Kh8 21. Qh3
Rg8 22. Kh1 Ng5 23. Qh5 Rg6 24. Nc4 Nxc4 25. Bxc4 Reg8 26. Qh4 Rh6 27. Qg3 Ne6
28. Qe3 Nf4 29. g3 Nh5 30. Qf3 Ng7 31. Ne2 Rh5 32. c3 Qh6 33. Qg2 Ne6 34. a5
Nc5 35. axb6 axb6 36. f3 Rh3 37. Ra1 f4 38. g4 Qh4 39. Qf2 Qg5 40. Ra7 h5 41.
Ng1 Rh4 42. gxh5 Qxh5 43. Rfa1 e4 44. fxe4 Nxe4 45. Qd4+ Qe5 46. Qxe5+ dxe5 47.
h3 Nf2+ 48. Kh2 Bc8 49. d6 Nxh3 50. Bxg8 Kxg8 51. Rxc7 Ng5+ 52. Kg2 Rg4+ 53.
Kf1 Rxg1+ 54. Kxg1 Nf3+ 55. Kh1 Bb7 56. Rxb7 {Fallen-Star resigns} 1-0

[Event "ICS rated blitz match"]
[Site "207.99.83.227"]
[Date "1999.04.24"]
[Round "?"]
[White "ColonialPast"]
[Black "Hossa"]
[Result "0-1"]
[WhiteElo "2199"]
[BlackElo "2453"]
[PlyCount "102"]

1. e4 e6 2. d4 d5 3. Nd2 Bb4 4. c3 Be7 5. Bd3 dxe4 6. Nxe4 Nf6 7. Nf3 Nbd7 8.
O-O Nxe4 9. Bxe4 O-O 10. Bf4 Nf6 11. Bc2 Bd7 12. Ne5 Bb5 13. Re1 c5 14. dxc5
Bxc5 15. Qf3 Qb6 16. a4 Be8 17. b3 Nd5 18. c4 Bxf2+ 19. Qxf2 Qxf2+ 20. Kxf2
Nxf4 21. g3 Nh3+ 22. Kg2 Ng5 23. h4 f6 24. hxg5 fxe5 25. Rxe5 Bc6+ 26. Be4
Bxe4+ 27. Rxe4 Rae8 28. Rae1 Kf7 29. c5 Re7 30. b4 Rd8 31. b5 Rd2+ 32. R1e2
Rxe2+ 33. Rxe2 e5 34. Kf3 Ke6 35. Rd2 Kf5 36. a5 Kxg5 37. b6 e4+ 38. Ke3 axb6
39. cxb6 g6 40. Rc2 h5 41. Rc7 Re5 42. Rxb7 Rxa5 43. Rg7 Ra3+ 44. Kxe4 Rxg3 45.
Rc7 Rb3 46. b7 Kh4 47. Kf4 g5+ 48. Kf5 g4 49. Kf4 Rb4+ 50. Ke3 Kh3 51. Kf2
51... g3+ {ColonialPast resigns} 0-1

[Event "ICS rated blitz match"]
[Site "207.99.83.227"]
[Date "1999.04.24"]
[Round "?"]
[White "Hossa"]
[Black "ColonialPast"]
[Result "1-0"]
[WhiteElo "2459"]
[BlackElo "2193"]
[PlyCount "65"]

1. d4 Nf6 2. c4 e6 3. Nf3 d5 4. e3 c6 5. Bd3 Be7 6. O-O O-O 7. Nc3 Nbd7 8. b3
Qc7 9. Bb2 dxc4 10. bxc4 c5 11. d5 exd5 12. cxd5 a6 13. Rc1 b5 14. e4 Bd6 15.
Qe2 c4 16. Bc2 Re8 17. a3 Bb7 18. Qd1 Qb6 19. Qd2 h6 20. Rfd1 a5 21. Qe2 Bf4
22. Rb1 Qc5 23. Nxb5 Ba6 24. Bd4 Qc8 25. Bxf6 Nxf6 26. Nfd4 c3 27. Qf3 Be5 28.
Nc6 Bxb5 29. Rxb5 Qg4 30. Nxe5 Rxe5 31. Qxg4 Nxg4 32. Rc5 Nf6 33. Rd4 {
ColonialPast resigns} 1-0

[Event "ICS rated blitz match"]
[Site "207.99.83.227"]
[Date "1999.04.24"]
[Round "?"]
[White "ColonialPast"]
[Black "Hossa"]
[Result "1/2-1/2"]
[WhiteElo "2187"]
[BlackElo "2465"]
[PlyCount "170"]

1. e4 e6 2. d4 d5 3. Nd2 Bb4 4. c3 Be7 5. e5 Nh6 6. Bd3 O-O 7. f4 c5 8. Ngf3
Nc6 9. Bc2 cxd4 10. Nxd4 f6 11. Nxc6 bxc6 12. O-O Ba6 13. Re1 Bc5+ 14. Kh1 Bf2
15. Nf3 f5 16. Be3 Ng4 17. Qd2 Bxe3 18. Rxe3 Nxe3 19. Qxe3 Qe8 20. Qc5 Rb8 21.
b4 Rb6 22. Nd4 Rf7 23. a4 Bc4 24. a5 Rbb7 25. Qxc6 Qxc6 26. Nxc6 Rbc7 27. Ba4
Rc8 28. b5 Rb7 29. Nd4 Kf7 30. a6 Rbc7 31. Kg1 g6 32. Kf2 h6 33. g3 Rb8 34. h4
h5 35. Nc6 Rb6 36. Nd4 Ke7 37. Ke1 Kf8 38. Kd2 Kf7 39. Rb1 Rb8 40. Ra1 Rcc8 41.
Nc6 Ra8 42. Nd4 Rcb8 43. Nc6 Rb6 44. Nd4 Kg8 45. Ra3 Rc8 46. Ra1 Kh8 47. Ra3
Kg7 48. Ra1 Rc7 49. Ra3 Kf7 50. Ra1 Rc5 51. Ra3 Rc8 52. Ra1 Rd8 53. Ra3 Rd7 54.
Ra1 Ke7 55. Ra3 Rc7 56. Ra1 Kd8 57. Ra3 Kc8 58. Ra1 Rd7 59. Ra3 Kd8 60. Ra1 Ke8
61. Ra3 Re7 62. Ra1 Kf7 63. Ra3 Kg8 64. Ra1 Rc7 65. Ra3 Kh7 66. Ra1 Kh6 67. Ra3
Rc8 68. Ra1 Ra8 69. Ra3 Rd8 70. Ra1 Kh7 71. Ra3 Rc8 72. Ra1 Kg8 73. Ra3 Kf8 74.
Ra1 Ra8 75. Ra3 Ke7 76. Ra1 Ke8 77. Ra3 Rc8 78. Ra1 Kd7 79. Rc1 Kc7 80. Ra1 Kb8
81. Rc1 Rc7 82. Ra1 Rd7 83. Rc1 Kc7 84. Ra1 Rf7 85. Rc1 85... Rd7 {
Game drawn by mutual agreement} 1/2-1/2

[Event "ICS rated blitz match"]
[Site "207.99.83.227"]
[Date "1999.04.24"]
[Round "?"]
[White "Hossa"]
[Black "ColonialPast"]
[Result "1-0"]
[WhiteElo "2454"]
[BlackElo "2198"]
[PlyCount "33"]

1. c4 Nf6 2. d4 e6 3. e3 b6 4. Nf3 Ba6 5. Bd3 Bb4+ 6. Bd2 Be7 7. O-O d5 8. Qe2
Bxc4 9. Bxc4 dxc4 10. Qxc4 O-O 11. Nc3 c5 12. dxc5 Bxc5 13. Rad1 Nbd7 14. Qa4
a5 15. e4 h6 16. Bf4 Nh5 17. Rxd7 {ColonialPast resigns} 1-0

[Event "ICS Rated blitz match"]
[Site "207.99.83.227"]
[Date "1999.04.24"]
[Round "?"]
[White "ColonialPast"]
[Black "Hossa"]
[Result "0-1"]
[WhiteElo "2192"]
[BlackElo "2460"]
[PlyCount "70"]

1. e4 c5 2. Nf3 Nc6 3. d4 cxd4 4. Nxd4 e5 5. Nb5 Nf6 6. N1c3 Bb4 7. Nd6+ Ke7 8.
Nf5+ Kf8 9. Bg5 Bxc3+ 10. bxc3 Qa5 11. Bxf6 Qxc3+ 12. Ke2 gxf6 13. Qd6+ Kg8 14.
Rd1 Qxc2+ 15. Rd2 Qxe4+ 16. Ne3 Nd4+ 17. Ke1 Qb1+ 18. Rd1 Qxa2 19. Bc4 Qa5+ 20.
Kf1 Kg7 21. Nd5 Ne6 22. Qe7 Qd8 23. Qd6 Rg8 24. Rd3 Kh8 25. Rh3 Qa5 26. Nxf6
Qa1+ 27. Ke2 Nf4+ 28. Kd2 Qb2+ 29. Kd1 Nxh3 30. gxh3 Qb1+ 31. Kd2 Qxh1 32. Qxe5
d6 33. Qh5 Rg7 34. Qh6 Qxh2 35. Ke2 35... Qe5+ {ColonialPast resigns} 0-1

[Event "ICS rated blitz match"]
[Site "207.99.83.227"]
[Date "1999.04.24"]
[Round "?"]
[White "Hossa"]
[Black "ColonialPast"]
[Result "0-1"]
[WhiteElo "2466"]
[BlackElo "2186"]
[Annotator "Crafty v16.6"]
[PlyCount "163"]

{annotating for player Hossa using a scoring margin of +0.10 pawns. search
time limit is 10.00} 1. e4 1... c6 2. Nf3 d5 3. exd5 cxd5 4. Bb5+ Bd7 5. Bxd7+
Nxd7 6. O-O Ngf6 7. Nc3 e6 8. Qe2 Be7 9. Qb5 ({9:-0.01} 9. Qb5 9... Qb6 10. Qe2
O-O 11. d3 Bb4 12. Be3 Qd6 13. Bd4 Bxc3 14. Bxc3 $10) ({9:+0.10} 9. d3 9... O-O
10. Bg5 Rc8 11. Nb5 a6 12. Nbd4 Ng4 13. Bf4 $10) 9... Qb6 10. Qxb6 Nxb6 11. d3
O-O 12. Bd2 Rac8 13. Rae1 Rfe8 14. Re2 a6 15. Kh1 Nbd7 16. d4 Bb4 17. a3 Bxc3
18. Bxc3 Ne4 19. Bb4 Nb8 20. Ba5 b5 21. Ne5 Nc6 22. Nxc6 Rxc6 23. Bb4 Rec8 24.
f3 Nd6 25. Bxd6 Rxd6 26. g4 Rdc6 27. c3 a5 28. f4 g6 29. Rg1 Kf8 30. h4 b4 31.
axb4 axb4 32. cxb4 Rb8 33. Rd2 Rxb4 34. g5 Rcc4 35. Rgd1 Rb3 36. Kg2 Rcb4 37.
Rb1 Re3 38. Rbd1 Rbb3 39. Rf2 Rg3+ 40. Kf1 Rh3 41. Rdd2 Rxh4 42. Ke2 h5 43.
gxh6 Rxh6 44. Rf3 Rxf3 45. Kxf3 Rh3+ 46. Kg4 Rb3 47. Kh4 Kg7 48. Rd1 Rxb2 49.
Ra1 Kf6 50. Kg4 Rb4 51. Rd1 Rc4 52. Rd2 Kg7 53. Kh4 Kh6 54. Kg4 Rc1 55. Rh2+
Kg7 56. Rb2 Kf6 57. Rb3 Rg1+ 58. Kf3 Kf5 59. Rb7 f6 60. Ke3 Rg3+ 61. Ke2 Kxf4
62. Rf7 Kf5 63. Rf8 e5 64. dxe5 Kxe5 65. Rg8 g5 66. Re8+ Kf4 67. Rd8 Re3+ 68.
Kd2 Re5 69. Kd3 g4 70. Rf8 f5 71. Kd4 g3 72. Rg8 Re1 73. Kxd5 Kf3 74. Rf8 f4
75. Rh8 g2 76. Rh3+ Kf2 77. Rh4 f3 78. Ra4 g1=Q 79. Ra2+ Re2 80. Ra3 Qd1+ 81.
Kc4 Qc1+ 82. Kb4 0-1

[Event "ICS rated blitz match"]
[Site "207.99.83.227"]
[Date "1999.04.24"]
[Round "?"]
[White "ColonialPast"]
[Black "Hossa"]
[Result "0-1"]
[WhiteElo "2213"]
[BlackElo "2439"]
[PlyCount "36"]

1. e4 e6 2. d4 d5 3. Nd2 Bb4 4. c3 Be7 5. e5 Nh6 6. Bd3 O-O 7. Ne2 Nf5 8. O-O
f6 9. f4 Ne3 10. Qe1 Nxf1 11. Nxf1 fxe5 12. fxe5 Bh4 13. Qd2 Bf2+ 14. Kh1 Qh4
15. Neg3 c5 16. dxc5 Nc6 17. Qe2 Bxc5 18. Nd2 18... Rf2 {ColonialPast resigns}
0-1

[Event "ICS rated blitz match"]
[Site "207.99.83.227"]
[Date "1999.04.24"]
[Round "?"]
[White "Hossa"]
[Black "ColonialPast"]
[Result "1-0"]
[WhiteElo "2446"]
[BlackElo "2206"]
[PlyCount "107"]

1. d4 Nf6 2. Nf3 e6 3. e3 c5 4. Bd3 Be7 5. dxc5 Qa5+ 6. Nc3 Qxc5 7. e4 O-O 8.
e5 Nd5 9. Ne4 Qc7 10. O-O Nc6 11. c4 Ndb4 12. Bf4 Nxd3 13. Qxd3 b6 14. Neg5 g6
15. Nh3 Rd8 16. Rad1 Nb4 17. Qb3 Bb7 18. Bg5 Bxg5 19. Nhxg5 Na6 20. Qd3 Nc5 21.
Qe3 h6 22. Nh3 Bxf3 23. gxf3 Kh7 24. Qf4 Rf8 25. Qg3 Rad8 26. f4 d5 27. exd6
Rxd6 28. f5 Rc6 29. fxg6+ fxg6 30. Qh4 Rd6 31. b4 Nb7 32. Rxd6 Qxd6 33. Ng5+
Kg7 34. Qd4+ Qxd4 35. Nxe6+ Kf6 36. Nxd4 Rc8 37. Rc1 Nd6 38. c5 bxc5 39. bxc5
Ke5 40. Re1+ Kxd4 41. cxd6 Kd5 42. Re7 Kxd6 43. Rxa7 Ke5 44. Kg2 Kf4 45. a4 h5
46. a5 h4 47. a6 Rc3 48. h3 Ra3 49. Ra8 Kg5 50. a7 Ra2 51. Kg1 Ra1+ 52. Kh2 Ra2
53. Kg2 Ra6 54. f4+ {ColonialPast resigns} 1-0

[Event "ICS rated blitz match"]
[Site "207.99.83.227"]
[Date "1999.04.24"]
[Round "?"]
[White "Hossa"]
[Black "huszar"]
[Result "1-0"]
[WhiteElo "2458"]
[BlackElo "2065"]
[Annotator "Fritz 5.32 (15s)"]
[PlyCount "19"]

1. c4 c5 2. e4 2... f5 $14 (2... Nc6 $5 $11 {muss unbedingt geprueft werden} 3.
Nc3 (3. b3 e6 (3... Nf6 4. d3 d6 5. Bb2 e5 6. Qd2 Be7 7. Nf3 O-O 8. Be2 Be6 9.
Qe3 Nd4 10. Bd1 Ng4 11. Qd2 a6 12. O-O b5 13. Nc3 f5 14. h3 fxe4 15. Nxe4 Nf6
16. Ng3 Kh8 17. Be2 bxc4 18. dxc4 {
N N-SuperForte_5Mhz_Cg/WHITE_45.25_Minutes_ 1993/1-0 (143)}) 4. Nc3 d6 5. g3
Be7 6. Bb2 Nf6 7. Bg2 O-O 8. Nge2 Rb8 9. O-O b6 10. f4 Bb7 11. d3 a6 12. Qd2
Qc7 13. h3 Rfd8 14. g4 h6 15. Kh1 e5 16. g5 hxg5 17. fxg5 17... Nh7 {
Rezai Perdomo,Y-Grunow,C/Schoeneck 1996/1-0 (60)}) (3. Nf3 e5 4. Nc3 d6 5. d3
g6 6. Nd5 Bg7 7. h4 h6 8. h5 g5 9. Be2 Nge7 10. Ne3 a6 11. Nd2 Nd4 12. Bg4 Be6
13. Rb1 b5 14. b3 O-O 15. Bb2 Qd7 16. Ndf1 Nc2+ 17. Qxc2 17... Bxg4 {
Ivanov,I-Masculo,J/USA (6) 1990/ - (35)}) 3... g6 4. Be2 Bg7 5. d3 d6 6. Nf3
Nf6 7. O-O O-O 8. h3 a6 9. Be3 Bd7 10. d4 cxd4 11. Nxd4 Rc8 12. Qd2 Nxd4 13.
Bxd4 Bc6 14. Qe3 Nd7 15. Bxg7 Kxg7 16. Kh2 Qb6 17. Qd2 Nf6 18. Nd5 Nxe4 19.
Nxb6 Nxd2 20. Rfd1 Ne4 21. Nxc8 Rxc8 22. f3 Nf6 23. Rac1 Nd7 24. b4 Ba4 25. Re1
Kf8 26. Bd1 Bc6 27. Bb3 Ne5 28. Red1 b6 29. f4 Nd7 30. g4 Bb7 31. g5 Nb8 32.
Ba4 Nc6 33. a3 Nd8 34. Kg3 Be4 35. Bd7 Rc7 36. Bg4 Ke8 37. h4 {
Hund,G-Blank,A/Wildbad 1993/1-0 (71)}) 3. exf5 {
Weiss zwingt den Gegner mit starken Drohungen nieder} 3... Nh6 4. Qh5+ Nf7 5.
Nf3 5... Qc7 $18 (5... e6 $5 $16) 6. Nc3 6... e6 $4 {
ein Versehen in unangenehmer Stellung} (6... Nc6 $18 $142) 7. Nb5 Qb6 (7... Qd8
{ist noch eine duenne Chance} 8. Ne5 Qf6 9. Nxf7 Qxf7 10. Nc7+ Ke7 11. Qxf7+
Kxf7 12. fxe6+ dxe6 13. Nxa8 13... Bd6 $18) 8. Ng5 g6 9. fxg6 Nxg5 (9... hxg6 {
koennte noch eine geringe Chance darstellen} 10. Qxg6 e5 11. Qxf7+ 11... Kd8
$18) 10. g7+ (10. g7+ Nf7 11. gxh8=Q $18 (11. gxf8=R+ $6 {
ist sichtlich schwaecher} 11... Kxf8 12. d4 12... d6 $18) (11. gxf8=Q+ $6 {
ist weit schwaecher wegen} 11... Kxf8 12. d4 12... d6 $18) (11. gxf8=N $6 {
waere ein Fehlgriff} 11... Kxf8 12. d4 12... d6 $18) (11. gxf8=B $6 {
waere hingegen schwach, denn} 11... Kxf8 12. d4 12... d6 $18)) 1-0

[Event "ICS rated blitz match"]
[Site "207.99.83.227"]
[Date "1999.04.24"]
[Round "?"]
[White "huszar"]
[Black "Hossa"]
[Result "0-1"]
[WhiteElo "2062"]
[BlackElo "2461"]
[PlyCount "78"]

1. c4 Nf6 2. f4 e6 3. Nf3 d5 4. g3 dxc4 5. Qa4+ Nbd7 6. Bg2 Bd6 7. O-O O-O 8.
Qxc4 Nb6 9. Qc2 Bd7 10. a3 c5 11. Nc3 Be8 12. d3 Qd7 13. e4 Ng4 14. h3 Nh6 15.
Be3 Rd8 16. Rad1 Qc7 17. e5 Be7 18. g4 f5 19. g5 Nf7 20. h4 Bc6 21. Kf2 Nd5 22.
Nxd5 Bxd5 23. h5 Qb6 24. Rh1 Bb3 25. Qc3 Bxd1 26. Rxd1 Qb5 27. Bf1 Qa4 28. Be2
Nh8 29. Rh1 Qc6 30. h6 gxh6 31. Rxh6 Nf7 32. Rh1 a6 33. Qc1 Nh8 34. Qg1 Qb5 35.
Qh2 Rf7 36. Nh4 Qxb2 37. g6 Rg7 38. gxh7+ Rxh7 39. Rg1+ 39... Kf7 {
huszar resigns} 0-1

[Event "ICS rated blitz match"]
[Site "207.99.83.227"]
[Date "1999.04.24"]
[Round "?"]
[White "Hossa"]
[Black "brutus"]
[Result "1-0"]
[WhiteElo "2464"]
[BlackElo "2162"]
[PlyCount "137"]

1. d4 Nf6 2. c4 g6 3. Nc3 d5 4. cxd5 Nxd5 5. Nxd5 Qxd5 6. Nf3 Bg7 7. Bf4 c5 8.
Be5 Bxe5 9. dxe5 Qxd1+ 10. Rxd1 Be6 11. e4 Bxa2 12. Bb5+ Nc6 13. O-O O-O 14.
Rd7 a6 15. Bxc6 bxc6 16. Ra1 Be6 17. Rxe7 Rfb8 18. Rc7 Rxb2 19. Rxc6 a5 20.
Rxc5 a4 21. Nd4 a3 22. Rcc1 a2 23. Nxe6 fxe6 24. h4 Rab8 25. f3 R8b5 26. Kh2
Rxe5 27. Rc8+ Kf7 28. Rc7+ Kg8 29. Ra7 g5 30. Rd1 Rb8 31. Rdd7 a1=Q 32. Rxa1
gxh4 33. Raa7 Rh5 34. Re7 Rh6 35. Kh3 Rf8 36. Ra6 Rff6 37. e5 Rf7 38. Raxe6
Rxe6 39. Rxe6 Rf4 40. Rd6 Kf7 41. Rh6 Kg7 42. Rc6 Rf5 43. Rc7+ Kg8 44. e6 Re5
45. Re7 h6 46. f4 Re2 47. Kxh4 Rxg2 48. f5 Kf8 49. Rf7+ Kg8 50. Kh5 Rg5+ 51.
Kxh6 Rg1 52. f6 Rh1+ 53. Kg6 Rg1+ 54. Kf5 Rf1+ 55. Ke5 Re1+ 56. Kd5 Rd1+ 57.
Kc6 Rc1+ 58. Kd7 Rd1+ 59. Kc7 Rc1+ 60. Kd8 Rd1+ 61. Rd7 Re1 62. f7+ Kf8 63. e7+
Kxf7 64. e8=Q+ Kf6 65. Rf7+ Kg5 66. Qxe1 Kg6 67. Qe7 Kh5 68. Rg7 Kh6 69. Qg5# {
brutus checkmated} 1-0

[Event "ICS rated blitz match"]
[Site "207.99.83.227"]
[Date "1999.04.24"]
[Round "?"]
[White "brutus"]
[Black "Hossa"]
[Result "0-1"]
[WhiteElo "2157"]
[BlackElo "2469"]
[PlyCount "41"]

1. e4 c6 2. d4 d5 3. Nc3 e6 4. Nf3 Bb4 5. e5 Ne7 6. a3 Bxc3+ 7. bxc3 Nd7 8. Bd3
f6 9. O-O fxe5 10. dxe5 Qc7 11. Re1 Nc5 12. a4 Qa5 13. Ba3 Qxc3 14. Bxc5 Qxc5
15. Ng5 g6 16. Re3 h6 17. Rh3 Rf8 18. Rxh6 Qxf2+ 19. Kh1 Qf4 20. h4 Qxe5 21.
Qd2 {brutus resigns} 0-1

[Event "ICS rated blitz match"]
[Site "207.99.83.227"]
[Date "1999.04.24"]
[Round "?"]
[White "Hossa"]
[Black "attakinski"]
[Result "0-1"]
[WhiteElo "2446"]
[BlackElo "2540"]
[Annotator "Crafty v16.6"]
[PlyCount "69"]

{annotating for player Hossa using a scoring margin of +0.10 pawns. search
time limit is 10.00} 1. d4 1... d5 2. Nf3 Nf6 3. Bf4 ({8:-0.28} 3. Bf4 3... Nh5
4. Bd2 Nc6 5. Nc3 Bf5 6. Nb5 6... Be4 $10) ({8:-0.13} 3. e3 3... e6 4. Bb5+ Bd7
5. Bxd7+ Nfxd7 6. c4 dxc4 7. Qa4 Nc6 8. Qxc4 $10) 3... c5 4. dxc5 e6 5. b4 a5
6. Bxb8 ({7:+0.00} 6. Bxb8 6... Rxb8 7. c3 Be7 8. Nbd2 O-O 9. Rb1 Bd7 10. bxa5
$10) ({7:+0.36} 6. Nd4 6... Be7 7. Nb5 O-O 8. Nc7 Ra7 9. Nxd5 Nxd5 10. Bxb8 $14
) 6... Rxb8 7. c3 Bd7 8. a3 ({8:-0.06} 8. a3 8... Be7 9. e3 O-O 10. Bd3 a4 11.
O-O 11... Ng4 $10) ({8:+0.16} 8. Ne5 8... Be7 9. e3 O-O 10. Bd3 axb4 11. Nxd7
Qxd7 12. cxb4 $10) 8... b6 9. cxb6 Qxb6 10. e3 ({8:+0.46} 10. e3 10... Ra8 11.
Nbd2 Qc7 12. Rc1 Bd6 13. c4 13... Rc8 $14) ({8:+0.59} 10. Ne5 10... Bd6 11.
Nxd7 Nxd7 12. Qa4 axb4 13. cxb4 Qd4 14. Ra2 14... Bf4 $14) 10... Bd6 11. Ra2 ({
8:+0.16} 11. Ra2 11... Qa7 12. Qc2 Ra8 13. bxa5 Qxa5 14. Bd3 Ba4 15. Qd2 $10) (
{8:+0.55} 11. Be2 11... Ra8 12. Nbd2 Qc6 13. Rc1 O-O 14. O-O 14... Ng4 $14)
11... O-O 12. Bd3 ({8:-0.01} 12. Bd3 12... e5 13. Nfd2 Qa7 14. Qc2 e4 15. Be2
15... a4 $10) ({8:+0.24} 12. Be2 12... Ra8 13. Rb2 Ne4 14. O-O Rac8 15. Rb3 f5
16. bxa5 16... Qxa5 $10) 12... e5 13. Bc2 Bb5 14. Bb3 Rfc8 15. Rd2 Bc4 16. Bxc4
Rxc4 17. O-O Qc6 18. Kh1 axb4 19. cxb4 Rc8 20. Kg1 Qc7 21. Ng5 e4 22. h4 h6 23.
Nh3 Be5 24. Qa4 d4 25. exd4 Bxd4 26. Re1 Ng4 27. Kf1 e3 28. Rxd4 Rxd4 29. fxe3
Qg3 30. Qa8 Nh2+ 31. Kg1 Rxa8 32. Rc1 Rg4 33. Nf4 Qxe3+ 34. Kh1 Qxc1+ 35. Kxh2
0-1